[Event "6. ODEM U25 2009"]
[Site "Willingen GER"]
[Date "2009.05.31"]
[Round "1"]
[White "Neumair, Cedric"]
[Black "Triantafillidis, Katherina"]
[Result "1-0"]
[Termination "normal"]
[Board "45"]
[WhiteElo "1867"]
[BlackElo "1221"]
[PlyCount "81"]
[WhiteFideId "4698304"]
[BlackFideId "24692409"]
[EventCountry "GER"]
[EventRounds "9"]
[EventType "swiss"]
[EventDate "2009.05.30"]

1. d4 d5 2. c4 dxc4 3. Nf3 Bg4 4. Ne5 Be6 5. e4 c6 6. a4 Nf6 7. Nc3 g6 8. Be3
Bg7 9. Nxc4 O-O 10. Be2 Na6 11. O-O Nc7 12. Rb1 a6 13. Ne5 Qd6 14. Nd3 b5 15.
e5 Qd7 16. exf6 Bxf6 17. Nc5 Qd6 18. N3e4 Qd5 19. Nxf6+ exf6 20. Bf3 Qd6 21.
Nxe6 Nxe6 22. d5 cxd5 23. Qxd5 Qxd5 24. Bxd5 bxa4 25. Bxa8 Rxa8 26. Ra1 Rb8 27.
Rxa4 Rxb2 28. Rxa6 Rb8 29. Rd1 Re8 30. g3 Nc7 31. Ra7 Nb5 32. Rb7 Nc3 33. Rdd7
Ne2+ 34. Kf1 Nc3 35. Rxf7 Nd5 36. Rg7+ Kh8 37. Rxh7+ Kg8 38. Rbg7+ Kf8 39. Bh6
Ne3+ 40. fxe3 Ra8 41. Rh8# 1-0

[Event "6. ODEM U25 2009"]
[Site "Willingen GER"]
[Date "2009.05.31"]
[Round "1"]
[White "Kuckling, Linus"]
[Black "Windjäger, Gerd"]
[Result "0-1"]
[Termination "normal"]
[Board "46"]
[WhiteElo "1197"]
[BlackElo "1782"]
[PlyCount "58"]
[WhiteFideId "24658243"]
[EventCountry "GER"]
[EventRounds "9"]
[EventType "swiss"]
[EventDate "2009.05.30"]

1. e4 c6 2. d4 d5 3. exd5 cxd5 4. c4 Nf6 5. Nf3 Nc6 6. Nc3 Bg4 7. Be3 e6 8.
cxd5 Nxd5 9. Be2 Be7 10. O-O Bf6 11. h3 Bh5 12. Qd2 O-O 13. Bg5 Nxc3 14. bxc3
Bxg5 15. Nxg5 Bxe2 16. Nxh7 Bxf1 17. Nxf8 Bc4 18. Nxe6 fxe6 19. a3 Qf6 20. Rb1
b5 21. Qb2 Rf8 22. f3 Qg5 23. Re1 Rxf3 24. Qb4 Bd5 25. Qb2 Re3 26. Qf2 Rxe1+
27. Kh2 Qc1 28. a4 Rh1+ 29. Kg3 Qg5# 0-1

[Event "6. ODEM U25 2009"]
[Site "Willingen GER"]
[Date "2009.05.31"]
[Round "1"]
[White "Paulus, Jeffrey"]
[Black "Kilic, Ahmet"]
[Result "1-0"]
[Termination "normal"]
[Board "47"]
[WhiteElo "1917"]
[BlackElo "1166"]
[PlyCount "109"]
[WhiteFideId "24692468"]
[EventCountry "GER"]
[EventRounds "9"]
[EventType "swiss"]
[EventDate "2009.05.30"]

1. d4 d5 2. c4 e6 3. Nc3 Nf6 4. Nf3 dxc4 5. e4 Be7 6. Bxc4 O-O 7. O-O Bd7 8. e5
Ne8 9. Qb3 Bc6 10. d5 exd5 11. Nxd5 Kh8 12. Bd2 f6 13. Nxe7 Qxe7 14. Bb4 Nd6
15. exd6 cxd6 16. Rfe1 Qd7 17. Rad1 Qg4 18. Bd5 Bxd5 19. Rxd5 Nc6 20. Bxd6 Rfd8
21. h3 Qd7 22. Red1 Qe6 23. Bc7 Rxd5 24. Qxd5 Qe7 25. Qd6 Qe8 26. b4 Ne7 27.
Re1 a5 28. Rxe7 Qc8 29. bxa5 Ra6 30. Qd8+ Qxd8 31. Bxd8 Kg8 32. Bb6 Ra8 33.
Rxb7 Rc8 34. a6 Rc2 35. a7 Rxa2 36. Rb8+ Kf7 37. a8=Q Rxa8 38. Rxa8 Ke6 39. Ra7
Kd6 40. Rxg7 Kc6 41. Be3 Kd6 42. Rxh7 Ke6 43. Nd4+ Ke5 44. Re7+ Kd6 45. Re6+
Kd5 46. Rxf6 Kc5 47. h4 Kd5 48. h5 Ke5 49. Rf5+ Ke4 50. h6 Kd3 51. Re5 Kc4 52.
h7 Kd3 53. h8=Q Kc4 54. Qc8+ Kd3 55. Qc2# 1-0

[Event "6. ODEM U25 2009"]
[Site "Willingen GER"]
[Date "2009.05.31"]
[Round "1"]
[White "Reksten, Lisa"]
[Black "Berger, Manuel"]
[Result "0-1"]
[Termination "normal"]
[Board "48"]
[WhiteElo "1141"]
[BlackElo "1767"]
[PlyCount "92"]
[BlackFideId "24692506"]
[EventCountry "GER"]
[EventRounds "9"]
[EventType "swiss"]
[EventDate "2009.05.30"]

1. e4 c5 2. Bc4 Nc6 3. Nf3 g6 4. O-O Bg7 5. Nc3 e6 6. d3 Nge7 7. Bg5 h6 8. Bh4
O-O 9. Qe2 a6 10. h3 b5 11. Bb3 Bb7 12. Rfe1 Na5 13. Qe3 Nxb3 14. axb3 d6 15.
d4 cxd4 16. Nxd4 Rc8 17. Qd2 Qd7 18. Nf3 g5 19. Bg3 Rfd8 20. Rad1 d5 21. exd5
Nxd5 22. Be5 Qe7 23. Qc1 Nxc3 24. Rxd8+ Qxd8 25. bxc3 Bxf3 26. Bxg7 Kxg7 27.
gxf3 Qf6 28. Qe3 Rxc3 29. Qe4 Rxf3 30. Qe5 Qxe5 31. Rxe5 Rxh3 32. Kg2 Rc3 33.
Re2 Kf6 34. Kh2 Kf5 35. Kg2 h5 36. Kh2 Kf4 37. Kg2 h4 38. Kh2 g4 39. Kg2 a5 40.
Kh1 a4 41. bxa4 bxa4 42. Kh2 a3 43. Kg2 h3+ 44. Kh2 a2 45. Re1 Rxc2 46. Kg1 Rb2
0-1

[Event "6. ODEM U25 2009"]
[Site "Willingen GER"]
[Date "2009.05.31"]
[Round "1"]
[White "Stark, Sven"]
[Black "Röhlich, Philipp"]
[Result "1-0"]
[Termination "normal"]
[Board "49"]
[WhiteElo "1763"]
[BlackElo "1043"]
[PlyCount "33"]
[WhiteFideId "4670124"]
[BlackFideId "24692832"]
[EventCountry "GER"]
[EventRounds "9"]
[EventType "swiss"]
[EventDate "2009.05.30"]

1. e4 c5 2. Nf3 e6 3. c3 Nf6 4. e5 Nd5 5. d4 Nc6 6. a3 a5 7. c4 Nb6 8. d5 Ne7
9. d6 Nf5 10. Nc3 g6 11. Nb5 Bg7 12. Nc7+ Kf8 13. Nxa8 Nxa8 14. Bd3 Nd4 15.
Nxd4 cxd4 16. Qe2 b6 17. b4 1-0

[Event "6. ODEM U25 2009"]
[Site "Willingen GER"]
[Date "2009.05.31"]
[Round "1"]
[White "Michels, Till"]
[Black "Matschewsky, Justus"]
[Result "0-1"]
[Termination "normal"]
[Board "50"]
[WhiteElo "968"]
[BlackElo "1658"]
[PlyCount "84"]
[BlackFideId "24678708"]
[EventCountry "GER"]
[EventRounds "9"]
[EventType "swiss"]
[EventDate "2009.05.30"]

1. e4 e5 2. Nf3 Nc6 3. Bc4 Bc5 4. c3 Nf6 5. d4 exd4 6. cxd4 Bb4+ 7. Nc3 Nxe4 8.
O-O Bxc3 9. bxc3 O-O 10. Re1 d5 11. Bb5 Nxc3 12. Qb3 Nxb5 13. Ng5 g6 14. Qxb5
f6 15. Ne6 Bxe6 16. Rxe6 Nxd4 17. Qxb7 Nxe6 18. Ba3 Rf7 19. Rd1 c5 20. Qc6 Qc8
21. Qxd5 Qd8 22. Qf3 Nd4 23. Qe3 Re7 24. Rxd4 Rxe3 25. Rxd8+ Rxd8 26. fxe3 c4
27. Be7 Rd1+ 28. Kf2 c3 29. Ke2 c2 30. Ba3 c1=Q 31. Bxc1 Rxc1 32. h4 Rc2+ 33.
Kf3 Rxa2 34. g4 a5 35. g5 f5 36. h5 a4 37. hxg6 hxg6 38. e4 fxe4+ 39. Kxe4 a3
40. Kd3 Rh2 41. Kc3 a2 42. Kc4 Rd2 0-1

[Event "6. ODEM U25 2009"]
[Site "Willingen GER"]
[Date "2009.05.31"]
[Round "1"]
[White "Nekrasova, Kateryna"]
[Black "Triantafillidis, Zoe"]
[Result "1-0"]
[Termination "normal"]
[Board "51"]
[WhiteElo "1833"]
[BlackElo "923"]
[PlyCount "55"]
[WhiteFideId "24636266"]
[BlackFideId "12900150"]
[EventCountry "GER"]
[EventRounds "9"]
[EventType "swiss"]
[EventDate "2009.05.30"]

1. e4 c6 2. d4 d5 3. Nd2 dxe4 4. Nxe4 Bf5 5. Ng3 Bg6 6. Nf3 e6 7. Ne5 Ne7 8. c3
Nd7 9. Nxg6 Nxg6 10. Bd3 Bd6 11. Ne4 Nf6 12. Bg5 Be7 13. Bxf6 Bxf6 14. Qf3 Bg5
15. Qg4 Be7 16. Nd2 O-O 17. Bxg6 hxg6 18. Nf3 Bf6 19. h4 Be7 20. h5 gxh5 21.
Qxh5 f6 22. O-O-O Qd5 23. Qh7+ Kf7 24. Rh6 Ke8 25. Qxg7 Qxa2 26. Rh7 Kd8 27.
Qxe7+ Kc8 28. Qxf8# 1-0

[Event "6. ODEM U25 2009"]
[Site "Willingen GER"]
[Date "2009.05.31"]
[Round "1"]
[White "Batora, Manuel"]
[Black "Adelhütte, Dennis"]
[Result "0-1"]
[Termination "normal"]
[Board "52"]
[WhiteElo "900"]
[BlackElo "1712"]
[PlyCount "57"]
[WhiteFideId "12900230"]
[BlackFideId "4661265"]
[EventCountry "GER"]
[EventRounds "9"]
[EventType "swiss"]
[EventDate "2009.05.30"]

1. f4 d5 2. e3 Nf6 3. b3 e6 4. Bb2 Be7 5. Nf3 c5 6. Bb5+ Nbd7 7. Ne5 O-O 8. O-O
a6 9. Nxd7 Bxd7 10. Bxd7 Qxd7 11. d3 b5 12. c4 Rfd8 13. Nd2 dxc4 14. bxc4 bxc4
15. Nxc4 Qxd3 16. Qc1 Rac8 17. Rd1 Qe4 18. Bxf6 Rxd1+ 19. Qxd1 Bxf6 20. Nd6
Qxe3+ 21. Kh1 Rd8 22. Rc1 Rxd6 23. Qf1 Qd3 24. Qe1 c4 25. f5 c3 26. Qf2 Qd1+
27. Rxd1 Rxd1+ 28. Qg1 Rxg1+ 29. Kxg1 0-1

[Event "6. ODEM U25 2009"]
[Site "Willingen GER"]
[Date "2009.05.31"]
[Round "1"]
[White "Popp, Maximilian"]
[Black "Eichstaedt, Ina"]
[Result "1-0"]
[Termination "normal"]
[Board "53"]
[WhiteElo "1704"]
[BlackElo "887"]
[PlyCount "75"]
[WhiteFideId "24673668"]
[BlackFideId "1270265"]
[EventCountry "GER"]
[EventRounds "9"]
[EventType "swiss"]
[EventDate "2009.05.30"]

1. e4 e5 2. Bc4 Nf6 3. d4 Nc6 4. Nf3 d6 5. dxe5 dxe5 6. Qxd8+ Kxd8 7. Ng5 Ke7
8. Nxf7 Be6 9. Bxe6 Kxe6 10. Nxh8 Nxe4 11. c3 Bc5 12. Be3 Bxe3 13. fxe3 Rxh8
14. Nd2 Nxd2 15. Kxd2 Rd8+ 16. Ke2 Na5 17. Rad1 Re8 18. b3 b5 19. Rd3 c5 20.
Rhd1 Kf5 21. Rd8 Rxd8 22. Rxd8 c4 23. b4 Nc6 24. Rd7 Kg6 25. Rd6+ Kf5 26. Rxc6
h5 27. Rc7 g5 28. Rxa7 g4 29. a4 bxa4 30. b5 h4 31. b6 g3 32. h3 a3 33. b7 e4
34. b8=Q a2 35. Ra5+ Kg6 36. Qb6+ Kf7 37. Ra7+ Ke8 38. Qb8# 1-0

[Event "6. ODEM U25 2009"]
[Site "Willingen GER"]
[Date "2009.05.31"]
[Round "1"]
[White "Holle, Niklas"]
[Black "Stark, Timo"]
[Result "0-1"]
[Termination "normal"]
[Board "54"]
[WhiteElo "795"]
[BlackElo "1821"]
[PlyCount "57"]
[BlackFideId "4670183"]
[EventCountry "GER"]
[EventRounds "9"]
[EventType "swiss"]
[EventDate "2009.05.30"]

1. e4 c5 2. Nc3 Nc6 3. Bc4 Ne5 4. Be2 d6 5. Nf3 Nxf3+ 6. Bxf3 g6 7. d4 Qc7 8.
Bf4 Bg7 9. Nb5 Qa5+ 10. Bd2 Qxb5 11. Bc3 cxd4 12. Bxd4 Bxd4 13. Qxd4 Qe5 14.
Qa4+ Bd7 15. Qb4 b5 16. O-O-O a5 17. Qb3 Be6 18. Qe3 Rc8 19. Kb1 a4 20. a3 Qc5
21. Qxc5 Rxc5 22. Be2 Nf6 23. b4 axb3 24. cxb3 Nxe4 25. Rhe1 Nc3+ 26. Kc2 Nxe2+
27. Kd2 Nc3 28. Kd3 Nxd1 29. Rxd1 0-1

[Event "6. ODEM U25 2009"]
[Site "Willingen GER"]
[Date "2009.05.31"]
[Round "1"]
[White "Stemmler, Lysan"]
[Black "Polert, Jesper"]
[Result "1-0"]
[Termination "normal"]
[Board "55"]
[WhiteElo "1856"]
[BlackElo "779"]
[PlyCount "99"]
[WhiteFideId "24622451"]
[EventCountry "GER"]
[EventRounds "9"]
[EventType "swiss"]
[EventDate "2009.05.30"]

1. e4 c6 2. d4 d5 3. exd5 cxd5 4. c4 Nf6 5. Nc3 e6 6. Nf3 Bb4 7. Bg5 Bxc3+ 8.
bxc3 Nc6 9. Be2 O-O 10. O-O h6 11. Bh4 g5 12. Bg3 Ne4 13. Qc2 Nxg3 14. fxg3 Qd7
15. Rf2 Qe7 16. Raf1 f6 17. Nd2 Bd7 18. Qg6+ Qg7 19. Rxf6 Qxg6 20. Rxg6+ Kh7
21. Rgf6 Rxf6 22. Rxf6 Kg7 23. Rf1 dxc4 24. Nxc4 b5 25. Nd6 b4 26. Rf7+ Kh8 27.
Rxd7 bxc3 28. Nf7+ Kg8 29. Nxh6+ Kf8 30. Bd3 Nb4 31. Rf7+ Ke8 32. Bb5+ Kd8 33.
Ba4 c2 34. Bxc2 Nxc2 35. Rf8+ Kd7 36. Rxa8 Nxd4 37. Rxa7+ Kd6 38. Nf7+ Kc5 39.
Nxg5 Kb6 40. Re7 Kb5 41. Nxe6 Nxe6 42. Rxe6 Ka4 43. g4 Ka3 44. g5 Kxa2 45. Rb6
Ka3 46. g6 Ka4 47. g7 Ka5 48. Rb1 Ka4 49. g8=Q Ka3 50. Qb3# 1-0

[Event "6. ODEM U25 2009"]
[Site "Willingen GER"]
[Date "2009.05.31"]
[Round "2"]
[White "Lebeda, Timo"]
[Black "Figura, Atila Gajo"]
[Result "0-1"]
[Termination "normal"]
[Board "1"]
[BlackTitle "FM"]
[WhiteElo "1942"]
[BlackElo "2417"]
[PlyCount "64"]
[WhiteFideId "4638565"]
[BlackFideId "4688058"]
[EventCountry "GER"]
[EventRounds "9"]
[EventType "swiss"]
[EventDate "2009.05.30"]

1. c4 e5 2. Nc3 Nf6 3. Nf3 Nc6 4. d4 exd4 5. Nxd4 Bb4 6. Bg5 h6 7. Bh4 g5 8.
Bg3 Bxc3+ 9. bxc3 d6 10. e3 Qe7 11. Bd3 Ne5 12. Bf5 Bd7 13. Qd3 b6 14. O-O Bxf5
15. Nxf5 Qd7 16. Nd4 Ne4 17. Bxe5 dxe5 18. Nf3 Nc5 19. Qc2 e4 20. Rad1 Qa4 21.
Nd4 Qxc4 22. Nb3 Nxb3 23. axb3 Qe6 24. Rd4 f5 25. Rfd1 O-O 26. g4 Rae8 27. Ra1
f4 28. h3 c5 29. Rc4 fxe3 30. fxe3 Qe5 31. Qh2 b5 32. Rxe4 Qxh2+ 0-1

[Event "6. ODEM U25 2009"]
[Site "Willingen GER"]
[Date "2009.05.31"]
[Round "2"]
[White "Klebanov, Andrej"]
[Black "Coenen, Michael"]
[Result "0-1"]
[Termination "normal"]
[Board "2"]
[WhiteElo "1818"]
[BlackElo "2260"]
[PlyCount "56"]
[WhiteFideId "24669989"]
[BlackFideId "4697367"]
[EventCountry "GER"]
[EventRounds "9"]
[EventType "swiss"]
[EventDate "2009.05.30"]

1. b4 c6 2. Bb2 a5 3. a3 Nf6 4. c4 e6 5. Qb3 axb4 6. axb4 Rxa1 7. Bxa1 Qb6 8.
b5 d5 9. Bxf6 gxf6 10. e3 Nd7 11. Nf3 Nc5 12. Qb2 Be7 13. Nc3 O-O 14. d4 Ne4
15. Nxe4 dxe4 16. c5 Qa5+ 17. Nd2 b6 18. bxc6 bxc5 19. dxc5 Rd8 20. Bc4 Bxc5
21. Ke2 Ba6 22. Rc1 Ba3 23. Qa2 Qh5+ 24. f3 Bxc1 25. Bxa6 Rxd2+ 26. Qxd2 exf3+
27. Kf2 Bxd2 28. c7 Bxe3+ 0-1

[Event "6. ODEM U25 2009"]
[Site "Willingen GER"]
[Date "2009.05.31"]
[Round "2"]
[White "Siebarth, Raiko"]
[Black "Becker, Carsten"]
[Result "1-0"]
[Termination "normal"]
[Board "3"]
[WhiteElo "2246"]
[BlackElo "1995"]
[PlyCount "41"]
[WhiteFideId "4674766"]
[BlackFideId "24646822"]
[EventCountry "GER"]
[EventRounds "9"]
[EventType "swiss"]
[EventDate "2009.05.30"]

1. Nc3 d5 2. e4 dxe4 3. Nxe4 Nd7 4. Bc4 e6 5. Nf3 Ngf6 6. Nxf6+ Nxf6 7. O-O Be7
8. Qe2 O-O 9. Ne5 c5 10. b3 Nd5 11. Bb2 Nf4 12. Qe4 Ng6 13. Nxg6 hxg6 14. Rad1
Bf6 15. d4 cxd4 16. Bxd4 Qc7 17. Rfe1 a6 18. a4 Qa5 19. Qe3 Re8 20. Bb6 Qh5 21.
Bd5 1-0

[Event "6. ODEM U25 2009"]
[Site "Willingen GER"]
[Date "2009.05.31"]
[Round "2"]
[White "Ohnesorg, Felix"]
[Black "Zhou, Syang"]
[Result "0-1"]
[Termination "normal"]
[Board "4"]
[WhiteElo "1822"]
[BlackElo "2090"]
[PlyCount "86"]
[WhiteFideId "24653578"]
[BlackFideId "24636126"]
[EventCountry "GER"]
[EventRounds "9"]
[EventType "swiss"]
[EventDate "2009.05.30"]

1. d4 Nf6 2. Nf3 g6 3. c4 Bg7 4. Nc3 O-O 5. e4 d6 6. Be2 e5 7. O-O Nc6 8. d5
Ne7 9. b4 Nh5 10. Re1 a5 11. bxa5 Rxa5 12. Be3 b6 13. h3 f5 14. Ng5 Nf4 15. Nf3
Nxe2+ 16. Qxe2 f4 17. Bd2 Bf6 18. a4 h5 19. Nb5 Ra8 20. Nh2 Rf7 21. a5 c6 22.
dxc6 Nxc6 23. axb6 Rxa1 24. Rxa1 Qxb6 25. Qd3 Be6 26. Rc1 Rd7 27. Kf1 Qc5 28.
Nf3 Bd8 29. Rc2 Kg7 30. h4 Bb6 31. Be1 Nd8 32. Qb3 Nb7 33. Qd3 Rd8 34. Nd2 Ra8
35. Nb3 Qc6 36. Bb4 Ra4 37. Bxd6 Bxc4 38. Bxe5+ Kh7 39. Rxc4 Qxc4 40. Qxc4 Rxc4
41. N3d4 Bxd4 42. Nxd4 Nc5 43. Ke2 Nd7 0-1

[Event "6. ODEM U25 2009"]
[Site "Willingen GER"]
[Date "2009.05.31"]
[Round "2"]
[White "Werner, Patrick"]
[Black "Kyas, Marcel"]
[Result "1-0"]
[Termination "normal"]
[Board "5"]
[WhiteElo "1872"]
[BlackElo "2106"]
[PlyCount "69"]
[WhiteFideId "24601608"]
[BlackFideId "24642037"]
[EventCountry "GER"]
[EventRounds "9"]
[EventType "swiss"]
[EventDate "2009.05.30"]

1. d4 Nf6 2. c4 g6 3. Nc3 Bg7 4. e4 d6 5. Nf3 O-O 6. h3 e5 7. d5 a5 8. Be3 Na6
9. g4 Nd7 10. Rg1 Ndc5 11. Nd2 Kh8 12. a3 Bd7 13. Qf3 f5 14. gxf5 gxf5 15. Bg5
Qe8 16. Qg3 Qf7 17. O-O-O fxe4 18. Ncxe4 Bf5 19. f3 Qd7 20. Be3 Rg8 21. Qf2 Qa4
22. Rg5 Raf8 23. Qg2 c6 24. Be2 Bh6 25. Rg1 Bxg5 26. Bxg5 Nxe4 27. fxe4 Bg6 28.
Bd1 Nc5 29. Bxa4 Nxa4 30. Rf1 h5 31. Rxf8 Rxf8 32. Be7 Rg8 33. Bxd6 cxd5 34.
Bxe5+ Kh7 35. Qg5 1-0

[Event "6. ODEM U25 2009"]
[Site "Willingen GER"]
[Date "2009.05.31"]
[Round "2"]
[White "Schneider, Christian"]
[Black "Yin, Zixiao"]
[Result "1/2-1/2"]
[Termination "normal"]
[Board "6"]
[WhiteElo "2116"]
[BlackElo "1932"]
[PlyCount "98"]
[WhiteFideId "24613886"]
[BlackFideId "24622729"]
[EventCountry "GER"]
[EventRounds "9"]
[EventType "swiss"]
[EventDate "2009.05.30"]

1. Nc3 g6 2. e4 c6 3. f4 d6 4. Nf3 Bg7 5. Bc4 Nf6 6. Bb3 Bg4 7. d3 Na6 8. e5
Nd5 9. Nxd5 cxd5 10. h3 Be6 11. d4 O-O 12. O-O dxe5 13. fxe5 f6 14. exf6 exf6
15. c3 Qd6 16. Bc2 Nc7 17. Nh2 Rae8 18. Bf4 Qb6 19. Qd2 Bd7 20. Bb3 Bc6 21. Bh6
Bb5 22. Bxg7 Kxg7 23. Rfe1 Qc6 24. Ng4 g5 25. Ne3 f5 26. Bc2 f4 27. Nf5+ Kh8
28. h4 Qd7 29. a4 Bc6 30. Qd3 Re4 31. Qh3 Qxf5 32. Qxf5 Rxf5 33. Bxe4 dxe4 34.
c4 e3 35. b4 gxh4 36. d5 Bd7 37. b5 Rg5 38. Kh2 h3 39. gxh3 Rg3 40. Rf1 Rxh3+
41. Kg2 Rh4 42. Kf3 Bg4+ 43. Ke4 f3 44. Kxe3 Rh2 45. Kf4 h5 46. a5 Rc2 47. Rac1
Rd2 48. Ke3 Re2+ 49. Kf4 Rd2 1/2-1/2

[Event "6. ODEM U25 2009"]
[Site "Willingen GER"]
[Date "2009.05.31"]
[Round "2"]
[White "Seidler, Lukas"]
[Black "Gölz, Daniel"]
[Result "1-0"]
[Termination "normal"]
[Board "7"]
[WhiteElo "1805"]
[BlackElo "2058"]
[PlyCount "131"]
[WhiteFideId "12900095"]
[BlackFideId "24626325"]
[EventCountry "GER"]
[EventRounds "9"]
[EventType "swiss"]
[EventDate "2009.05.30"]

1. e4 c5 2. Nf3 Nc6 3. d4 cxd4 4. Nxd4 Nf6 5. Nc3 e6 6. Ndb5 d6 7. Bf4 e5 8.
Bg5 a6 9. Na3 b5 10. Nd5 Be7 11. Bxf6 Bxf6 12. c3 O-O 13. Nc2 Bg5 14. a4 bxa4
15. Rxa4 a5 16. Bc4 Rb8 17. b3 Kh8 18. Nce3 g6 19. O-O Bh6 20. Ra2 f5 21. exf5
gxf5 22. Qh5 Qg5 23. Qxg5 Bxg5 24. Rd1 e4 25. g3 Bd7 26. Nf4 Rf6 27. Rad2 a4
28. b4 Ne5 29. Rxd6 Rxd6 30. Rxd6 Rc8 31. Be6 Bxe6 32. Nxe6 Bxe3 33. fxe3 Ra8
34. Nc7 Rc8 35. Nb5 Nc4 36. Ra6 Nxe3 37. Rxa4 Nd1 38. Ra3 Rd8 39. Nd4 e3 40.
Kf1 Nxc3 41. Rxc3 Rxd4 42. Rb3 f4 43. gxf4 Rxf4+ 44. Ke2 Rh4 45. Rb1 Rxh2+ 46.
Kxe3 Rh3+ 47. Ke4 Rh2 48. b5 Re2+ 49. Kd5 Rd2+ 50. Kc6 Rc2+ 51. Kd7 Rd2+ 52.
Kc7 Rc2+ 53. Kb8 Kg7 54. b6 Kg6 55. b7 h5 56. Ka7 Rc7 57. Kb6 Rxb7+ 58. Kxb7
Kf5 59. Kc6 Kg4 60. Kd5 h4 61. Ke4 Kg3 62. Kf5 h3 63. Rb3+ Kg2 64. Kg4 h2 65.
Rb2+ Kg1 66. Kg3 1-0

[Event "6. ODEM U25 2009"]
[Site "Willingen GER"]
[Date "2009.05.31"]
[Round "2"]
[White "Erben, Larissa"]
[Black "Fernschild, Daniel"]
[Result "1-0"]
[Termination "normal"]
[Board "8"]
[WhiteElo "2040"]
[BlackElo "1877"]
[PlyCount "47"]
[WhiteFideId "24634590"]
[BlackFideId "4624513"]
[EventCountry "GER"]
[EventRounds "9"]
[EventType "swiss"]
[EventDate "2009.05.30"]

1. e4 e6 2. d4 d5 3. exd5 exd5 4. Nf3 Bd6 5. c4 c6 6. Nc3 Ne7 7. Bd3 dxc4 8.
Bxc4 O-O 9. O-O Bg4 10. h3 Bh5 11. g4 Bg6 12. Ne5 Kh8 13. Qb3 Bxe5 14. dxe5 b5
15. Be2 Nd7 16. Be3 Nb6 17. Bc5 a5 18. Rad1 Qc7 19. f4 f5 20. Qe6 Rfe8 21. Nxb5
cxb5 22. Qxb6 Qxb6 23. Bxb6 Reb8 24. Bc7 1-0

[Event "6. ODEM U25 2009"]
[Site "Willingen GER"]
[Date "2009.05.31"]
[Round "2"]
[White "Schmidt, Matthias"]
[Black "Müller, Jan-Hendrik"]
[Result "1/2-1/2"]
[Termination "normal"]
[Board "9"]
[WhiteElo "1803"]
[BlackElo "2090"]
[PlyCount "73"]
[WhiteFideId "12900168"]
[BlackFideId "24615048"]
[EventCountry "GER"]
[EventRounds "9"]
[EventType "swiss"]
[EventDate "2009.05.30"]

1. d4 Nf6 2. Nf3 c5 3. c3 e6 4. Bg5 d5 5. Nbd2 cxd4 6. cxd4 Be7 7. e3 Qb6 8.
Qb3 Qxb3 9. Nxb3 Bb4+ 10. Nfd2 Ne4 11. Bf4 g5 12. Bg3 Nc6 13. f3 Nxg3 14. hxg3
h5 15. g4 h4 16. a3 Bd6 17. Bb5 Bd7 18. Rc1 a6 19. Bxc6 Bxc6 20. Na5 Kd7 21.
Ndb3 Rhc8 22. Nxc6 bxc6 23. Nc5+ Bxc5 24. Rxc5 Rcb8 25. Rc2 Rb3 26. Kd2 Rab8
27. Rb1 f5 28. gxf5 exf5 29. Ke2 Rxa3 30. Rbc1 Ra2 31. Rxc6 Rbxb2+ 32. Kf1 Rf2+
33. Kg1 Rxg2+ 34. Kh1 h3 35. Rc7+ Ke8 36. Rc8+ Kd7 37. R1c7+ 1/2-1/2

[Event "6. ODEM U25 2009"]
[Site "Willingen GER"]
[Date "2009.05.31"]
[Round "2"]
[White "Wurm, Alexander"]
[Black "Azizi, Nassim"]
[Result "1-0"]
[Termination "normal"]
[Board "10"]
[WhiteElo "2055"]
[BlackElo "1692"]
[PlyCount "37"]
[WhiteFideId "24637246"]
[BlackFideId "4608119"]
[EventCountry "GER"]
[EventRounds "9"]
[EventType "swiss"]
[EventDate "2009.05.30"]

1. d4 Nf6 2. c4 g6 3. Nc3 d5 4. h4 Bg7 5. h5 Nxh5 6. cxd5 c6 7. e4 cxd5 8. e5
f5 9. Be2 e6 10. Bxh5 gxh5 11. Qxh5+ Kf8 12. Nf3 Bd7 13. Bg5 Qe8 14. Qh4 b5 15.
Bf6 Qg6 16. Rh3 Rg8 17. Rg3 Bxf6 18. exf6 Qf7 19. Ne5 1-0

[Event "6. ODEM U25 2009"]
[Site "Willingen GER"]
[Date "2009.05.31"]
[Round "2"]
[White "Windjäger, Gerd"]
[Black "Wild, Achim"]
[Result "0-1"]
[Termination "normal"]
[Board "11"]
[WhiteElo "1782"]
[BlackElo "1947"]
[PlyCount "62"]
[BlackFideId "4658728"]
[EventCountry "GER"]
[EventRounds "9"]
[EventType "swiss"]
[EventDate "2009.05.30"]

1. d4 d5 2. Nf3 Nf6 3. e3 e6 4. Bd3 b6 5. c3 Be7 6. Nbd2 O-O 7. Qe2 c5 8. O-O
a5 9. dxc5 bxc5 10. e4 Ba6 11. Bxa6 Nxa6 12. Re1 d4 13. Nc4 dxc3 14. bxc3 Qc7
15. Bg5 Rfd8 16. Rab1 Rab8 17. Rxb8 Nxb8 18. Bh4 Nc6 19. Nfd2 Qd7 20. f3 Qd3
21. Qxd3 Rxd3 22. Re3 Rd7 23. Be1 h6 24. Bg3 Nh5 25. Kf2 Nxg3 26. hxg3 Bf6 27.
Re1 Ne5 28. Nxe5 Rxd2+ 29. Ke3 Rxg2 30. Nd7 Bg5+ 31. f4 Rxg3+ 0-1

[Event "6. ODEM U25 2009"]
[Site "Willingen GER"]
[Date "2009.05.31"]
[Round "2"]
[White "Tschlatscher, Thomas"]
[Black "Stövesand, Eric"]
[Result "0-1"]
[Termination "normal"]
[Board "12"]
[WhiteElo "1983"]
[BlackElo "1805"]
[PlyCount "120"]
[WhiteFideId "24635863"]
[BlackFideId "24651117"]
[EventCountry "GER"]
[EventRounds "9"]
[EventType "swiss"]
[EventDate "2009.05.30"]

1. b3 d5 2. Bb2 Nc6 3. f4 Bf5 4. Nf3 e6 5. e3 Nf6 6. Be2 Be7 7. O-O Qd7 8. Na3
O-O 9. c4 Rad8 10. h3 Rfe8 11. Nc2 dxc4 12. Bxc4 Bd3 13. Bxd3 Qxd3 14. Ncd4
Nxd4 15. Bxd4 Ne4 16. Ne5 Qxd2 17. Qh5 Rf8 18. Qf3 f5 19. Bxa7 Qa5 20. Bd4 Nd2
21. Qxb7 Rb8 22. Nc6 Rxb7 23. Nxa5 Rb5 24. Rfd1 Rxa5 25. Rxd2 Rd5 26. Rc2 c5
27. Be5 Rfd8 28. Kf2 g5 29. Ke2 Kf7 30. a4 Rd3 31. Bc7 R8d7 32. Bb6 gxf4 33.
exf4 Rg3 34. Bxc5 Rc7 35. b4 Rxg2+ 36. Kd3 Rd7+ 37. Bd4 Rxc2 38. Kxc2 Rxd4 39.
b5 Rb4 40. Kd3 Bd6 41. a5 Rxb5 42. a6 Rb8 43. a7 Ra8 44. Ra4 Ke7 45. Ke2 Kd7
46. Kf3 Bc5 47. Ra5 Kc6 48. Ra6+ Bb6 49. Ra2 Rxa7 50. Rc2+ Bc5 51. Kg3 Ra4 52.
Re2 Kd7 53. Kh4 Be7+ 54. Kh5 Rxf4 55. Kh6 Ke8 56. Kg7 Rf3 57. Rxe6 Rg3+ 58. Kh8
Kf7 59. Rh6 Bf6+ 60. Kxh7 Rg7+ 0-1